Brain games. Season 3, Episode 9, In it to win it /

Whether you're trying to get to the head of the class, earn the big promotion or just find a parking spot ' every day, you're competing. In this episode we'll explore your brain and competition through a series of, well, competitions! Each viewer will be assigned a team and play...

Full description

Bibliographic Details
Other Authors: Nigro, Michael (Director), Williams, Jason Odell (Producer)
Format: Video
Language:English
Language Notes:In English.
Published: District of Columbia : National Geographic, 2014.
Series:Academic Video Online
Subjects:
Online Access:Connect to this streaming video (Alexander Street Press)

MARC

Tag First Indicator Second Indicator Subfields
LEADER 00000cgm a2200000Mi 4500
001 in00005576708
006 m o c
007 cr |n||||||||a
007 vz |za|z|
008 160624s2014 dcu024 e o vueng d
005 20241201232344.3
035 |a (OCoLC)ocn954043252 
040 |a ALSTP  |b eng  |e rda  |e pn  |c ALSTP  |d OCLCO  |d OCLCF  |d OCLCQ  |d OCLCO  |d CAUOI  |d WYU  |d UPM  |d OCLCO  |d OCLCL  |d NUI 
019 |a 1430864539  |a 1443961728 
035 |a (OCoLC)954043252  |z (OCoLC)1430864539  |z (OCoLC)1443961728 
049 |a TXAM 
245 0 0 |a Brain games.  |n Season 3, Episode 9,  |p In it to win it /  |c director: Michael Nigro ; producer, Jason Odell Williams. 
264 1 |a District of Columbia :  |b National Geographic,  |c 2014. 
300 |a 1 online resource (24 min.) 
306 |a 002400 
336 |a two-dimensional moving image  |b tdi  |2 rdacontent 
337 |a video  |b v  |2 rdamedia 
337 |a computer  |b c  |2 rdamedia 
338 |a other  |b vz  |2 rdacarrier 
338 |a online resource  |b cr  |2 rdacarrier 
347 |a data file  |2 rda 
490 0 |a Academic Video Online 
500 |a Title from resource description page (viewed June 24, 2016). 
520 |a Whether you're trying to get to the head of the class, earn the big promotion or just find a parking spot ' every day, you're competing. In this episode we'll explore your brain and competition through a series of, well, competitions! Each viewer will be assigned a team and play along as our Red and Blue teams duke it out in a head-to-head battle to determine the winner. 
546 |a In English. 
650 0 |a Neuropsychology. 
650 0 |a Cognitive psychology. 
650 0 |a Competition (Psychology) 
650 0 |a Human behavior. 
650 2 |a Competitive Behavior 
650 2 |a Behavior 
650 6 |a Psychologie cognitive. 
650 6 |a Compétition (Psychologie) 
650 6 |a Comportement humain. 
650 7 |a Cognitive psychology.  |2 fast  |0 (OCoLC)fst00866541 
650 7 |a Competition (Psychology)  |2 fast  |0 (OCoLC)fst00871488 
650 7 |a Human behavior.  |2 fast  |0 (OCoLC)fst00962811 
650 7 |a Neuropsychology.  |2 fast  |0 (OCoLC)fst01036493 
655 7 |a Documentary television programs.  |2 fast  |0 (OCoLC)fst01710387 
655 7 |a Documentary television programs.  |2 lcgft 
655 7 |a Documentaires télévisés.  |2 rvmgf 
700 1 |a Silva, Jason,  |d 1982-  |e host.  |1 https://id.oclc.org/worldcat/entity/E39PBJw967bRrBpDyGVfVbTbVC 
700 1 |a Nigro, Michael,  |e director. 
700 1 |a Williams, Jason Odell,  |e producer. 
710 2 |a National Geographic Television & Film,  |e production company. 
758 |i has work:  |a Brain games In it to win it Season 3, Episode 9 (MovingImage)  |1 https://id.oclc.org/worldcat/entity/E39PCH8Tx3vVRtr6jYkmGkCgjC  |4 https://id.oclc.org/worldcat/ontology/hasWork 
776 0 8 |i Original version:  |z 9781426346026 
856 4 0 |u http://proxy.library.tamu.edu/login?url=https://www.aspresolver.com/aspresolver.asp?MARC;3230366  |z Connect to this streaming video (Alexander Street Press)  |t 0 
955 |a Alexander Street Press subscription streaming video 
994 |a 92  |b TXA 
999 f f |s 2f8dfde0-a454-4de2-9364-6f89ff019cda  |i de9b74ff-eefb-4a13-a13f-cb171352d45f  |t 0 
952 f f |a Texas A&M University  |b College Station  |c Electronic Resources  |d Available Online  |t 0  |h Library of Congress classification 
998 f f |t 0  |l Available Online